Useful Handicrafts / (Record no. 186991)
[ view plain ]
| 000 -LEADER | |
|---|---|
| fixed length control field | 00709 a2200157 4500 |
| 003 - CONTROL NUMBER IDENTIFIER | |
| control field | NUST |
| 005 - DATE AND TIME OF LATEST TRANSACTION | |
| control field | 20230120181951.0 |
| 040 ## - CATALOGING SOURCE | |
| Transcribing agency | Nust |
| 082 ## - DEWEY DECIMAL CLASSIFICATION NUMBER | |
| Classification number | 745.5,USE |
| 245 ## - TITLE STATEMENT | |
| Title | Useful Handicrafts / |
| 260 ## - PUBLICATION, DISTRIBUTION, ETC. | |
| Place of publication, distribution, etc. | Leicester |
| Name of publisher, distributor, etc. | Dryad Handicrafts |
| 300 ## - PHYSICAL DESCRIPTION | |
| Extent | 9,9 p.; |
| 505 ## - FORMATTED CONTENTS NOTE | |
| Formatted contents note | 31 Glove Marking (Page-1-1), 43 Stool Seating (Page-2-1), 83 Spinning Wool (Page-3-1), 85 Rug Weaving (Page-4-1), 91 Hand-Weaving on Two-way Looms (Page-5-1), 92 Netting (Page-6-1), 112 Rush Baskets and Mats (Page-7-1), 114 Slippers from Felt or Suede (Page-8-1), 123 Doll Making (Page-9-1), 125 Three Canework Borders (Page-10-1), 127 Cord Knotting (Page-11-1). |
| 650 ## - SUBJECT ADDED ENTRY--TOPICAL TERM | |
| Topical term or geographic name entry element | Handicrafts |
| 9 (RLIN) | 107296 |
| 942 ## - ADDED ENTRY ELEMENTS (KOHA) | |
| Source of classification or shelving scheme | |
| Koha item type | Book |
| Call number prefix | 745.5,USE |
| Withdrawn status | Lost status | Source of classification or shelving scheme | Damaged status | Not for loan | Permanent Location | Current Location | Shelving location | Date acquired | Full call number | Barcode | Date last seen | Price effective from | Koha item type | Public note |
|---|---|---|---|---|---|---|---|---|---|---|---|---|---|---|
| Military College of Signals (MCS) | Military College of Signals (MCS) | General Stacks | 12/12/2016 | 745.5,USE | MCS29687 | 12/08/2016 | 12/12/2016 | Book | Almirah No.55, Shelf No.6 |
